000 01298nam2a22002651 4500
001 RU\NLR\INFOCOMM15\5000287845
005 20250617035249.0
035 _a(NLR Aleph) 002427479
090 _a1962374
_c1962374
100 _a20050204d1988 |||y0rusy50 ca
101 0 _arus
102 _aRU
105 _ay ||||000|y
200 1 _aРоль потребления в формировании минерально-сырьевой базы страны
_fА.А. Арбатов, И.Г. Грицевич
210 _d1988
_aБ. м.
461 0 _1001RU\NLR\INFOCOMM15\5000287642
_12001#$aЭкономика геологоразведочных работ$eОбзор. информ.$fВНИИ экономики минер. сырья и геол.-развед. работ (ВИЭМС)$v1988, Вып.9
_91960105
_cМ.
_d1964-
_fВНИИ экономики минер. сырья и геол.-развед. работ (ВИЭМС)
_oОбзор. информ.
_tЭкономика геологоразведочных работ
_x0236-381Х
_v1988, Вып.9
700 1 _aАрбатов
_bА.А.
_4070
701 1 _aГрицевич
_bИ.Г.
_4070
801 1 _aRU
_bInfoComm
_c20050204
801 0 _aRU
_bNLR
_gPSBO
852 _aNLR
_jП7/1085
942 _cISSUE
980 _aNB
980 _aRUSPER